000 00756nam a22002057a 4500
999 _c13720
_d13720
003 AR-CdUCM
008 190416b ||||| |||| 00| 0 spa d
040 _aMUNICIPALIDAD PROVINCIAL DEL CUSCO
_cBIBLIOTECA MUNICIPAL DEL CUSCO
082 _aC / 262.13 /
_bM74 / 1943
100 _aMolano, Humberto E.
_932230
245 _aEl pontificado romano /
260 _aCuzco :
_bRozas sucs,
_c1943.
300 _a205 páginas ;
_c21 cm.
505 _aContenido : Aprobación y licencia de la orden y del ordinario -- Advertencia -- Introducción -- Elección de los apóstoles -- Doctrina de San Pablo ...
650 _aReligión
_91195
650 _aCatolicismo
_92175
650 _aEl pontificado
_932231
942 _2ddc
_cLIBROS
945 _arah
_d16/04/2019